000 00340nam a2200133Ia 4500
008 240624s9999 xx 000 0 und d
041 _aeng
082 _a352.4 BAN
100 _aBANDY GARY
245 _aFINANCIAL MANAGEMENT AND ACCOUNTING IN T
260 _c2011
_aLondon
_bRoutledge
300 _axvii, 283 p.; 23 cm.
365 _cBPS
_b31
999 _c30291
_d30291